000 01613nam a22004217a 4500
001 000096747
003 CHAP
005 20220329143211.0
008 070117d2006 mx r 00110 spa d
010 _a93213
011 _a94185
035 _a104769
040 _cCHAP
090 _aTesis
100 1 _aHerrera Monsalvo, Carlos Delfino
_954912
245 1 0 _aEvaluación del comportamiento productivo y reproductivo de vacas Holstein con diferentes características productivas asignadas al mismo régimen alimentacio /
_c/por Carlos Delfino Herrera Monsalvo.
260 _aChapingo, Méx. :
_bEl autor,
_c2006.
300 _a82 h. : gráfs.; cuadros.
502 _aTesis (Ing. Agr. Esp. en Zootecnia) - - UACH. Departamento de Zootecnia
590 _aALEPH
_b10
_c20130110
_lUCH01
_h1516
590 _aBATCH-UPD
_b10
_c20130110
_lUCH01
_h1229
590 _aBATCH-UPD
_b10
_c20130410
_lUCH01
_h0800
590 _aBATCH-UPD
_b10
_c20130914
_lUCH01
_h1512
590 _aBATCH-UPD
_b10
_c20140324
_lUCH01
_h1501
590 _aBATCH-UPD
_b10
_c20141002
_lUCH01
_h0832
590 _aCONVERSION
_b10
_c20130109
_lUCH01
_h1352
590 _aE792CSJ
_b10
_c20130610
_lUCH01
_h1054
650 1 4 _aGanado Holstein.
_945133
650 1 4 _aGanado lechero
_xProducción.
_945288
650 1 4 _aGanado lechero
_xReproducción.
_945294
856 _3Finding aid
_uhttp://10.13.5.2/tesis/104769.pdf
_zTeclea aquí
901 _aBK
905 _aElisama A. H.
942 _cCD
942 _n0
949 _aTesis
_bBC
_cTES
_d33724002005009
_eTS2
_fc.2
_h46267
_i104769
_sb
949 _aTesis
_bBC
_cTES
_d33724002005040
_eTS1
_h46266
_i104769
_sb
999 _c93213
_d93213